00390nam a22001577a 450000500170000000800410001702000270005804000090008504100120009408200130010610000180011924500310013726000320016830000080020065000240020820260604130358.0260604b |||||||| |||| 00| 0 eng d a9788183564632c3000.00 aMAIN aEnglish a572bMAN a Manju, Yadav aComputational Biochemistry aNew DelhibDiscovery c2025 a268 aChemistry (PM USHA)